Statistics for NCAA Qualifying Gymnastics Teams

Click here to take the quiz!

General Stats

  • This quiz has been taken 255 times
    (143 since last reset)
  • The average score is 23 of 38

Answer Stats

Answer% Correct
Oklahoma and Florida
98%
UCLA
98%
Florida
96%
Alabama
94%
LSU
93%
Oklahoma
92%
Georgia
92%
Michigan
89%
Utah
84%
Stanford
78%
Oregon
77%
Arizona
77%
Washington
73%
Kentucky
67%
Nebraska
67%
Iowa
66%
Auburn
65%
Arkansas
65%
California
65%
Arizona State
64%
Illinois
58%
Michigan State
58%
Oregon State
57%
Minnesota
57%
Missouri
57%
Ohio State
54%
Penn State
54%
Denver
51%
BYU
45%
Iowa State
45%
Utah State
41%
North Carolina State
31%
West Virginia
28%
Oklahoma State
28%
Kent State
14%
New Hampshire
12%
Cal State Fullerton
7%
Towson
7%

Score Distribution

Percentile by Number Answered

Percent of People with Each Score

Your Score History

You have not taken this quiz since the last reset